Investigación-acción: reflexión crítica sobre la práctica educativa. Orientaciones prácticas y experiencias
Guardado en:
| Autores principales: | , |
|---|---|
| Formato: | Libro |
| Lenguaje: | español |
| Publicado: |
Rosario
Homo Sapiens
2004
|
| Edición: | 1a. ed |
| Materias: | |
| Etiquetas: |
Agregar Etiqueta
Sin Etiquetas, Sea el primero en etiquetar este registro!
|
MARC
| LEADER | 00000nam a2200000 a 4500 | ||
|---|---|---|---|
| 001 | UCK5597 | ||
| 003 | CL-VaPUC | ||
| 008 | 050805e20040000AG |||||||||||||||||spa|d | ||
| 020 | |a 9508084243 | ||
| 082 | 0 | 4 | |a 370.7 |b BOG |2 21 |
| 100 | 0 | |a Boggino, Norberto |e author |9 494446 | |
| 700 | 0 | |a Rosekrans, Kristin |e author |9 494447 | |
| 245 | 1 | 0 | |a Investigación-acción: reflexión crítica sobre la práctica educativa. Orientaciones prácticas y experiencias |
| 250 | |a 1a. ed | ||
| 300 | |a 206 p | ||
| 942 | |c BK | ||
| 945 | |d 20050805 00:00:00 |a jcarroza | ||
| 260 | |a Rosario |b Homo Sapiens |c 2004 | ||
| 650 | 0 | |a Investigación educacional |9 261192 | |
| 650 | 0 | |a Métodos de investigación |9 262618 | |
| 650 | 0 | |a Métodos de enseñanza |9 270413 | |
| 583 | |a last modification |c 20050805 00:00:00 |k Rodrigo Vera | ||
| 999 | |c 314098 |d 314096 | ||
| 952 | |0 0 |1 0 |4 0 |6 370_700000000000000_BOG_2004 |7 0 |8 A |9 386009 |a BIBEDU |b BIBEDU |c ES_NOD |d 2019-11-22 |i 415035K |o 370.7 BOG 2004 |p 415035K |r 2023-08-09 |w 2019-11-22 |y BK |k EBA | ||
| 952 | |0 0 |1 0 |4 0 |6 370_700000000000000_BOG_2004 |7 0 |8 A |9 386010 |a BIBEDU |b BIBEDU |c ES_NOD |d 2019-11-22 |i 415598K |o 370.7 BOG 2004 |p 415598K |r 2023-08-09 |w 2019-11-22 |y BK |k FIL | ||
| 952 | |0 0 |1 0 |4 0 |6 370_700000000000000_BOG_2004 |7 0 |8 A |9 386011 |a BIBEDU |b BIBEDU |c ES_NOD |d 2019-11-22 |i 4563646 |o 370.7 BOG 2004 |p 4563646 |r 2023-08-09 |w 2019-11-22 |y BK |k PAR | ||